书目信息 |
| 题名: |
农业现代化与可持续发展
|
|
| 作者: | ;农业部软科学委员会办公室 | |
| 分册: | ||
| 出版信息: | 北京 中国农业出版社 2001 |
|
| 页数: | 332 | |
| 开本: | 20cm | |
| 丛书名: | ||
| 单 册: | ||
| 中图分类: | F320.1 | |
| 科图分类: | ||
| 主题词: | 农业经济--中国 | |
| 电子资源: | ||
| ISBN: | 7-109-07299-1 | |
| 000 | 00638nam0 2200181 450 | |
| 001 | 0760515518 | |
| 005 | 20070817164835.51 | |
| 010 | @a7-109-07299-1@d¥25.00 | |
| 100 | @a20070817d km y0chiy0120 ea | |
| 101 | 0 | @achi |
| 200 | 1 | @a农业现代化与可持续发展@Anong ye xian dai hua yu ke chi xu fa zhan@f农业部软科学委员会办公室@Fnong ye bu ruan ke xue wei yuan hui ban gong shi |
| 210 | @a北京@c中国农业出版社@d2001 | |
| 215 | @a332@d20cm | |
| 606 | 0 | @a农业经济@x中国 |
| 690 | @aF320.1@v3 | |
| 711 | 02 | @a农业部软科学委员会办公室@Anong ye bu ruan ke xue wei yuan hui ban gong shi |
| 801 | 0 | @aCN@bPFT@c20070817 |
| 905 | @a213230@dF320.1@eg3@f1 | |
| 农业现代化与可持续发展/农业部软科学委员会办公室.-北京:中国农业出版社,2001 |
| 332;20cm |
| ISBN 7-109-07299-1:¥25.00 |
| ● |
| 相关链接 |
|
|
|
|
正题名:农业现代化与可持续发展
索取号:F320.1/g3
 
预约/预借
| 序号 | 登录号 | 条形码 | 馆藏地/架位号 | 状态 | 备注 |
| 1 | 6502223 | 265022236 | 密集书库-海洋学院/ [索取号:F320.1/g3] | 在馆 |